000 00354nam a22001457a 4500
005 20240725150509.0
008 240725b |||||||| |||| 00| 0 eng d
020 _a0-7614-7314-9
050 _a1
100 _aCAVENDISH MARSHALL
245 _aHOW IT WORKS:SCIENCE AND TECHNOLOGY
250 _a3
260 _aBROWN PARTWORKS
_c2003
942 _2lcc
_cBK
999 _c210944
_d210944